<?xml version="1.0" encoding="UTF-8"?>
<record
    xmlns:xsi="http://www.w3.org/2001/XMLSchema-instance"
    xsi:schemaLocation="http://www.loc.gov/MARC21/slim http://www.loc.gov/standards/marcxml/schema/MARC21slim.xsd"
    xmlns="http://www.loc.gov/MARC21/slim">

  <leader>01766nam a2200241Ia 4500</leader>
  <controlfield tag="001">18002</controlfield>
  <controlfield tag="003">GE_BSU</controlfield>
  <controlfield tag="008">181216s||||||||xx |||||||||||||| ||und||</controlfield>
  <datafield tag="040" ind1=" " ind2=" ">
    <subfield code="c">GE_BSU</subfield>
  </datafield>
  <datafield tag="080" ind1=" " ind2=" ">
    <subfield code="a">631(038)+811.161.1(038)+811.353.1(038)</subfield>
  </datafield>
  <datafield tag="100" ind1=" " ind2=" ">
    <subfield code="a">&#x10D9;&#x10D0;&#x10EA;&#x10D8;&#x10E2;&#x10D0;&#x10EB;&#x10D4;, &#x10EF;&#x10D4;&#x10DB;&#x10D0;&#x10DA;; &#x10E4;&#x10E3;&#x10E2;&#x10D9;&#x10D0;&#x10E0;&#x10D0;&#x10EB;&#x10D4;,&#x10D6;&#x10D0;&#x10E3;&#x10E0;.</subfield>
  </datafield>
  <datafield tag="245" ind1=" " ind2=" ">
    <subfield code="a">&#x10E0;&#x10E3;&#x10E1;&#x10E3;&#x10DA;-&#x10E5;&#x10D0;&#x10E0;&#x10D7;&#x10E3;&#x10DA;&#x10D8; &#x10D0;&#x10D2;&#x10E0;&#x10DD;&#x10E1;&#x10D0;&#x10D8;&#x10DC;&#x10DF;&#x10D8;&#x10DC;&#x10E0;&#x10DD; &#x10E2;&#x10D4;&#x10E0;&#x10DB;&#x10D8;&#x10DC;&#x10DD;&#x10DA;&#x10DD;&#x10D2;&#x10D8;&#x10E3;&#x10E0;&#x10D8; &#x10D3;&#x10D0; &#x10D2;&#x10D0;&#x10DC;&#x10DB;&#x10D0;&#x10E0;&#x10E2;&#x10D4;&#x10D1;&#x10D8;&#x10D7;&#x10D8; &#x10DA;&#x10D4;&#x10E5;&#x10E1;&#x10D8;&#x10D9;&#x10DD;&#x10DC;&#x10D8;:&#x410;&#x433;&#x440;&#x43E;&#x438;&#x43D;&#x436;&#x435;&#x43D;&#x435;&#x440;&#x43D;&#x44B;&#x439; &#x442;&#x435;&#x440;&#x43C;&#x438;&#x43D;&#x43E;&#x43B;&#x43E;&#x433;&#x438;&#x447;&#x435;&#x441;&#x43A;&#x438;&#x439; &#x438; &#x43F;&#x43E;&#x44F;&#x441;&#x43D;&#x438;&#x442;&#x435;&#x43B;&#x44C;&#x43D;&#x44B;&#x439; &#x441;&#x43B;&#x43E;&#x432;&#x430;&#x440;&#x44C;</subfield>
  </datafield>
  <datafield tag="245" ind1=" " ind2=" ">
    <subfield code="c">&#x10E0;&#x10D4;&#x10D3;:&#x10E8;&#x10DD;&#x10D7;&#x10D0; &#x10ED;&#x10D0;&#x10DA;&#x10D0;&#x10D2;&#x10D0;&#x10DC;&#x10D8;&#x10EB;&#x10D4;</subfield>
  </datafield>
  <datafield tag="260" ind1=" " ind2=" ">
    <subfield code="a">&#x10D1;&#x10D0;&#x10D7;&#x10E3;&#x10DB;&#x10D8;.</subfield>
  </datafield>
  <datafield tag="260" ind1=" " ind2=" ">
    <subfield code="b">&#x10D0;&#x10DA;&#x10D8;&#x10DD;&#x10DC;&#x10D8;</subfield>
  </datafield>
  <datafield tag="260" ind1=" " ind2=" ">
    <subfield code="c">2016</subfield>
  </datafield>
  <datafield tag="300" ind1=" " ind2=" ">
    <subfield code="a">280&#x10D2;&#x10D5;;21&#x10E1;&#x10DB;.</subfield>
  </datafield>
  <datafield tag="300" ind1=" " ind2=" ">
    <subfield code="b">&#x10D1;&#x10D8;&#x10D1;&#x10DA;&#x10D8;&#x10DD;&#x10D2;&#x10E0;.: &#x10D2;&#x10D5;. 278-280</subfield>
  </datafield>
  <datafield tag="653" ind1=" " ind2=" ">
    <subfield code="a">&#x10D0;&#x10D2;&#x10E0;&#x10DD;&#x10D8;&#x10DC;&#x10DF;&#x10D8;&#x10DC;&#x10D4;&#x10E0;&#x10D8;&#x10D0;-&#x10E1;&#x10DD;&#x10E4;&#x10DA;&#x10D8;&#x10E1; &#x10DB;&#x10D4;&#x10E3;&#x10E0;&#x10DC;&#x10D4;&#x10DD;&#x10D1;&#x10D0;</subfield>
  </datafield>
  <datafield tag="653" ind1=" " ind2=" ">
    <subfield code="a">&#x10D0;&#x10D2;&#x10E0;&#x10DD;&#x10E1;&#x10D0;&#x10D8;&#x10DC;&#x10DF;&#x10D8;&#x10DC;&#x10E0;&#x10DD; &#x10E2;&#x10D4;&#x10E0;&#x10DB;&#x10D8;&#x10DC;&#x10DD;&#x10DA;&#x10DD;&#x10D2;&#x10D8;&#x10E3;&#x10E0;&#x10D8; &#x10D3;&#x10D0; &#x10D2;&#x10D0;&#x10DC;&#x10DB;&#x10D0;&#x10E0;&#x10E2;&#x10D4;&#x10D1;&#x10D8;&#x10D7;&#x10D8; &#x10DA;&#x10D4;&#x10E5;&#x10E1;&#x10D8;&#x10D9;&#x10DD;&#x10DC;&#x10D8;.</subfield>
  </datafield>
  <datafield tag="653" ind1=" " ind2=" ">
    <subfield code="a">&#x10E8;&#x10D4;&#x10D3;&#x10D2;&#x10D4;&#x10D1;&#x10D0; &#x10DD;&#x10E0;&#x10D8; &#x10DC;&#x10D0;&#x10EC;&#x10D8;&#x10DA;&#x10D8;&#x10E1;&#x10D0;&#x10D2;&#x10D0;&#x10DC; &#x10DE;&#x10D8;&#x10E0;&#x10D5;&#x10D4;&#x10DA; &#x10DC;&#x10D0;&#x10EC;&#x10D8;&#x10DA;&#x10E8;&#x10D8; &#x10EC;&#x10D0;&#x10E0;&#x10DB;&#x10DD;&#x10D3;&#x10D2;&#x10D4;&#x10DC;&#x10D8;&#x10DA;&#x10D8;&#x10D0; &#x10E0;&#x10E3;&#x10E1;&#x10E3;&#x10DA;&#x10D8; &#x10E2;&#x10D4;&#x10E0;&#x10DB;&#x10D8;&#x10DC;&#x10D4;&#x10D1;&#x10D8; &#x10D3;&#x10D0; &#x10E8;&#x10D4;&#x10E1;&#x10D0;&#x10E2;&#x10E7;&#x10D5;&#x10D8;&#x10E1;&#x10D8; &#x10E5;&#x10D0;&#x10E0;&#x10D7;&#x10E3;&#x10DA;&#x10D8; &#x10D2;&#x10D0;&#x10DB;&#x10DD;&#x10D7;&#x10E5;&#x10DB;&#x10D4;&#x10D1;&#x10D8;,&#x10EE;&#x10DD;&#x10DA;&#x10DD; &#x10DB;&#x10D4;&#x10DD;&#x10E0;&#x10D4;&#x10E8;&#x10D8; &#x10E1;&#x10DD;&#x10E4;&#x10DA;&#x10D8;&#x10E1; &#x10DB;&#x10D4;&#x10E3;&#x10E0;&#x10DC;&#x10D4;&#x10DD;&#x10D1;&#x10D8;&#x10E1; &#x10D0;&#x10D2;&#x10E0;&#x10DD;&#x10E1;&#x10D0;&#x10D8;&#x10DC;&#x10DF;&#x10D8;&#x10DC;&#x10E0;&#x10DD; &#x10E1;&#x10E4;&#x10D4;&#x10E0;&#x10DD;&#x10E8;&#x10D8; &#x10D2;&#x10D0;&#x10DB;&#x10DD;&#x10E7;&#x10D4;&#x10DC;&#x10D4;&#x10D1;&#x10E3;&#x10DA;&#x10D8; &#x10E2;&#x10D4;&#x10E0;&#x10DB;&#x10DC;&#x10D8;&#x10DC;&#x10D4;&#x10D1;&#x10D8;&#x10E1; &#x10DB;&#x10DD;&#x10D9;&#x10DA;&#x10D4; &#x10D2;&#x10D0;&#x10DC;&#x10DB;&#x10D0;&#x10E0;&#x10E2;&#x10D4;&#x10D1;&#x10D4;&#x10D1;&#x10D8;.</subfield>
  </datafield>
  <datafield tag="942" ind1=" " ind2=" ">
    <subfield code="c">BK</subfield>
  </datafield>
  <datafield tag="999" ind1=" " ind2=" ">
    <subfield code="c">51045</subfield>
    <subfield code="d">51045</subfield>
  </datafield>
  <datafield tag="952" ind1=" " ind2=" ">
    <subfield code="0">0</subfield>
    <subfield code="1">0</subfield>
    <subfield code="4">0</subfield>
    <subfield code="7">0</subfield>
    <subfield code="9">69950</subfield>
    <subfield code="d">2018-12-17</subfield>
    <subfield code="p">45921 -&#x10D8;&#x10DA;&#x10D8;&#x10D0; &#x10ED;&#x10D0;&#x10D5;&#x10ED;.&#x10D1;&#x10D8;&#x10D1;</subfield>
    <subfield code="r">2018-12-17</subfield>
    <subfield code="w">2018-12-17</subfield>
    <subfield code="y">BK</subfield>
  </datafield>
  <datafield tag="952" ind1=" " ind2=" ">
    <subfield code="0">0</subfield>
    <subfield code="1">0</subfield>
    <subfield code="4">0</subfield>
    <subfield code="7">0</subfield>
    <subfield code="9">69951</subfield>
    <subfield code="d">2018-12-17</subfield>
    <subfield code="p">45922-&#x10D8;&#x10DA;&#x10D8;&#x10D0; &#x10ED;&#x10D0;&#x10D5;&#x10ED;.&#x10D1;&#x10D8;&#x10D1;</subfield>
    <subfield code="r">2018-12-17</subfield>
    <subfield code="w">2018-12-17</subfield>
    <subfield code="y">BK</subfield>
  </datafield>
  <datafield tag="952" ind1=" " ind2=" ">
    <subfield code="0">0</subfield>
    <subfield code="1">0</subfield>
    <subfield code="4">0</subfield>
    <subfield code="7">0</subfield>
    <subfield code="9">69952</subfield>
    <subfield code="d">2018-12-17</subfield>
    <subfield code="p">45923-&#x10D8;&#x10DA;&#x10D8;&#x10D0; &#x10ED;&#x10D0;&#x10D5;&#x10ED;.&#x10D1;&#x10D8;&#x10D1;</subfield>
    <subfield code="r">2018-12-17</subfield>
    <subfield code="w">2018-12-17</subfield>
    <subfield code="y">BK</subfield>
  </datafield>
  <datafield tag="952" ind1=" " ind2=" ">
    <subfield code="0">0</subfield>
    <subfield code="1">0</subfield>
    <subfield code="4">0</subfield>
    <subfield code="7">0</subfield>
    <subfield code="9">69953</subfield>
    <subfield code="d">2018-12-17</subfield>
    <subfield code="p">45924-&#x10D8;&#x10DA;&#x10D8;&#x10D0; &#x10ED;&#x10D0;&#x10D5;&#x10ED;.&#x10D1;&#x10D8;&#x10D1;</subfield>
    <subfield code="r">2018-12-17</subfield>
    <subfield code="w">2018-12-17</subfield>
    <subfield code="y">BK</subfield>
  </datafield>
  <datafield tag="952" ind1=" " ind2=" ">
    <subfield code="0">0</subfield>
    <subfield code="1">0</subfield>
    <subfield code="4">0</subfield>
    <subfield code="7">0</subfield>
    <subfield code="9">69954</subfield>
    <subfield code="d">2018-12-17</subfield>
    <subfield code="p">45925-&#x10D8;&#x10DA;&#x10D8;&#x10D0; &#x10ED;&#x10D0;&#x10D5;&#x10ED;.&#x10D1;&#x10D8;&#x10D1;</subfield>
    <subfield code="r">2018-12-17</subfield>
    <subfield code="w">2018-12-17</subfield>
    <subfield code="y">BK</subfield>
  </datafield>
  <datafield tag="952" ind1=" " ind2=" ">
    <subfield code="0">0</subfield>
    <subfield code="1">0</subfield>
    <subfield code="4">0</subfield>
    <subfield code="7">0</subfield>
    <subfield code="9">69955</subfield>
    <subfield code="d">2018-12-17</subfield>
    <subfield code="p">45926- &#x10E1;&#x10D0;&#x10E1;&#x10DD;&#x10E4;&#x10DA;&#x10DD;</subfield>
    <subfield code="r">2018-12-17</subfield>
    <subfield code="w">2018-12-17</subfield>
    <subfield code="y">BK</subfield>
  </datafield>
  <datafield tag="952" ind1=" " ind2=" ">
    <subfield code="0">0</subfield>
    <subfield code="1">0</subfield>
    <subfield code="4">0</subfield>
    <subfield code="7">0</subfield>
    <subfield code="9">69956</subfield>
    <subfield code="d">2018-12-17</subfield>
    <subfield code="p">45927-&#x10E1;&#x10D0;&#x10E1;&#x10DD;&#x10E4;&#x10DA;&#x10DD;</subfield>
    <subfield code="r">2018-12-17</subfield>
    <subfield code="w">2018-12-17</subfield>
    <subfield code="y">BK</subfield>
  </datafield>
  <datafield tag="952" ind1=" " ind2=" ">
    <subfield code="0">0</subfield>
    <subfield code="1">0</subfield>
    <subfield code="4">0</subfield>
    <subfield code="7">0</subfield>
    <subfield code="9">69957</subfield>
    <subfield code="d">2018-12-17</subfield>
    <subfield code="p">45928-&#x10E1;&#x10D0;&#x10E1;&#x10DD;&#x10E4;&#x10DA;&#x10DD;</subfield>
    <subfield code="r">2018-12-17</subfield>
    <subfield code="w">2018-12-17</subfield>
    <subfield code="y">BK</subfield>
  </datafield>
  <datafield tag="952" ind1=" " ind2=" ">
    <subfield code="0">0</subfield>
    <subfield code="1">0</subfield>
    <subfield code="4">0</subfield>
    <subfield code="7">0</subfield>
    <subfield code="9">69958</subfield>
    <subfield code="d">2018-12-17</subfield>
    <subfield code="p">45929-&#x10E1;&#x10D0;&#x10E1;&#x10DD;&#x10E4;&#x10DA;&#x10DD;</subfield>
    <subfield code="r">2018-12-17</subfield>
    <subfield code="w">2018-12-17</subfield>
    <subfield code="y">BK</subfield>
  </datafield>
  <datafield tag="952" ind1=" " ind2=" ">
    <subfield code="0">0</subfield>
    <subfield code="1">0</subfield>
    <subfield code="4">0</subfield>
    <subfield code="7">0</subfield>
    <subfield code="9">69959</subfield>
    <subfield code="d">2018-12-17</subfield>
    <subfield code="p">45930-&#x10E1;&#x10D0;&#x10E1;&#x10DD;&#x10E4;&#x10DA;&#x10DD;</subfield>
    <subfield code="r">2018-12-17</subfield>
    <subfield code="w">2018-12-17</subfield>
    <subfield code="y">BK</subfield>
  </datafield>
</record>
